000 01566nam2a22002651 4500
001 RU\NLR\INFOCOMM5\1000335024
005 20250617051303.0
035 _a(NLR Aleph) 002475560
090 _a2377002
_c2377002
100 _a20040409d1964 |||y0rusy50 ca
101 0 _arus
102 _aRU
105 _ay |||||||||
200 0 _a[Вып.24]
210 _d1964
_aБ. м.
225 1 _a...
_v[Вып.24]
_i...
_v[1]
461 0 _1001RU\NLR\INFOCOMM\1000076672
_12001#$aУченые записки Казанского государственного педагогического института$v[Вып.24]
_92255653
_aКазанский педагогический институт
_cКазань
_d1939-
_tУченые записки Казанского государственного педагогического института
_v[Вып.24]
462 0 _1001RU\NLR\INFOCOMM5\1000335023
_12001#$aЛандшафтные исследования на территории Поволжья$fМ-во прос. РСФСР. Казан. гос. пед. ин-т.$v[1]
_92376992
_cКазань
_d1964-
_fМ-во прос. РСФСР. Казан. гос. пед. ин-т.
_tУченые записки Казанского государственного педагогического института. - Ландшафтные исследования на территории Поволжья
_v[1]
801 1 _aRU
_bInfoComm
_c20040409
801 0 _aRU
_bNLR
_gPSBO
852 _aNLR
_jП1/35
942 _cISSUE
980 _aNB
980 _aRUSPER